MSV Duisburg DFB-Pokalfinale - Statistiken

Allgemein
  • Dieses Quiz wurde 22 mal gespielt
  • Das Durchschnittsergebnis liegt bei 8 aus 44
Antwortstatistiken
Hint Antwort % Korrekt
FW 🇹🇬 Bachirou Salou
67%
DF 🇧🇦 Branimir Bajic
60%
GK 🇺🇸 David Yelldell
53%
DF 🇩🇪 Bernard Dietz
47%
MF 🇩🇰 Stig Tøfting
40%
GK 🇳🇴 Thomas Gill
40%
MF 🇸🇮 Goran Sukalo
33%
MF 🇭🇷 Ivica Banovic
33%
MF 🇧🇦 Ivica Grlic
33%
DF 🇫🇷 Olivier Veigneau
33%
DF 🇩🇪 Torsten Wohlert
33%
MF 🇩🇪 Michael Zeyer
27%
MF 🇹🇷 Olcay Sahan
27%
MF 🇹🇷 Sefa Yilmaz
27%
DF 🇷🇸 Slobodan Komljenovic
27%
MF 🇵🇱 Tomasz Hajto
27%
DF 🇩🇪 Benjamin Kern
20%
MF 🇩🇪 Carsten Wolters
20%
MF 🇩🇪 Dietmar Hirsch
20%
MF 🇩🇪 Ronald Worm
20%
DF 🇩🇪 Daniel Reiche
13%
MF 🇩🇪 Manfred Müller
13%
FW 🇩🇪 Manuel Schäffler
13%
DF 🇩🇪 Thomas Vana
13%
FW 🇩🇪 Uwe Spies
13%
FW 🇳🇱 Heinz van Haaren
7%
GK 🇩🇪 Manfred Manglitz
7%
DF 🇩🇪 Michael Bella
7%
MF 🇩🇪 Michael Bella
7%
FW 🇩🇪 Rüdiger Mielke
7%
FW 🇩🇪 Rudolf Seliger
7%
FW 🇩🇪 Werner Krämer
7%
DF 🇩🇪 Werner Schneider
7%
MF 🇩🇪 Bernd Lehmann
0%
FW 🇩🇪 Carl-Heinz Rühl
0%
DF 🇩🇪 Detlef Pirsig
0%
GK 🇩🇪 Dietmar Linders
0%
DF 🇩🇪 Hartmut Heidemann
0%
FW 🇩🇪 Horst Gecks
0%
DF 🇩🇪 Johann Sabath
0%
MF 🇩🇪 Klaus Bruckmann
0%
FW 🇩🇪 Klaus Thies
0%
MF 🇩🇪 Theo Bücker
0%
MF 🇩🇪 Werner Lotz
0%
Keine übereinstimmenden Quizze gefunden
Verteilung der Resultate
Anzahl Personen mit jedem Resultat
Perzentil nach korrekt beantworteten Fragen
Ihre Resultats-Entwicklung
Sie haben dieses Quiz noch nicht gespielt